Statystyki dla 15 krajów o największej liczbie zgonów Covid19 - 7 sierpnia

Kliknij tutaj aby rozwiązać quiz!

Ogólne statystyki

  • Ten quiz został rozwiązany 17 razy
  • Średni wynik to 11 z 20

Statystyki odpowiedzi

kraj% Poprawnych
Francja
94%
Rosja
94%
Stany Zjednoczone
94%
Brazylia
88%
Hiszpania
88%
Włochy
81%
Indie
69%
Meksyk
69%
Wielka Brytania
69%
Belgia
50%
Chile
50%
Holandia
50%
Szwecja
50%
Kolumbia
44%
Peru
44%
Iran
31%
Ekwador
25%
Irlandia
25%
Republika
Południowej Afryki
25%
Panama
6%

Rozkład punktacji

Percentyl według liczby udzielonych odpowiedzi

Procent ludzi z każdym wynikiem

Twoja historia wyników

Nie rozwiązałeś tego quizu